书目信息 |
| 题名: |
半导体物理学
|
|
| 作者: | 李冬復 著 | |
| 分册: | ||
| 出版信息: | 北京 科学出版社 1991 |
|
| 页数: | 376页 | |
| 开本: | 20cm | |
| 丛书名: | 凝聚态物理学丛书 | |
| 单 册: | ||
| 中图分类: | O469 | |
| 科图分类: | ||
| 主题词: | 真空电子学 , 电子物理学 | |
| 电子资源: | ||
| ISBN: | 7-03-002397-8 | |
| 000 | 00595nam0 2200217 450 | |
| 001 | 0735592734 | |
| 005 | 20070906095312.73 | |
| 010 | @a7-03-002397-8@d¥25.00 | |
| 100 | @a20070906d km y0chiy0120 ea | |
| 101 | 0 | @achi |
| 200 | 1 | @a半导体物理学@Aban dao ti wu li xue@f李冬復著@Fli dong fu zhu |
| 210 | @a北京@c科学出版社@d1991 | |
| 215 | @a376页@d20cm | |
| 225 | 2 | @a凝聚态物理学丛书 |
| 410 | 0 | @12001 @a凝聚态物理学丛书 |
| 606 | 0 | @a真空电子学 |
| 606 | 0 | @a电子物理学 |
| 690 | @aO469@v3 | |
| 701 | 0 | @a李冬復@Ali dong fu@4著 |
| 801 | 0 | @aCN@bPFT@c20070906 |
| 905 | @a213230@dO469@eP2@f1 | |
| 半导体物理学/李冬復著.-北京:科学出版社,1991 |
| 376页;20cm.-(凝聚态物理学丛书) |
| ISBN 7-03-002397-8:¥25.00 |
| ● |
| 相关链接 |
|
|
|
|
正题名:半导体物理学
索取号:O469/P2
 
预约/预借
| 序号 | 登录号 | 条形码 | 馆藏地/架位号 | 状态 | 备注 |
| 1 | 7200822 | 272008221 | 物理系资料室/ [索取号:O469/P2] | 在馆 |